Normal view
MARC view
Entry Personal Name
001 - CONTROL NUMBER
- control field: 16523
003 - CONTROL NUMBER IDENTIFIER
- control field: BD-RjUL
005 - DATE AND TIME OF LATEST TRANSACTION
- control field: 20250809112822.0
008 - FIXED-LENGTH DATA ELEMENTS
- fixed length control field: 250809|| aca||aabn | a|a d
040 ## - CATALOGING SOURCE
- Original cataloging agency: BD-RjUL
- Transcribing agency: BD-RjUL
100 ## - HEADING--PERSONAL NAME
- Personal name: Maquet, Auguste,
- Dates associated with a name: 1813-1888
670 ## - SOURCE DATA FOUND
- Source citation: Work cat.: (BD-RjUL)85476: Dumas, Alexandre, 1802-1870. 16516, Le chevalier de Maison Rouge /, [1928]